| 000 | 00431nam a2200157Ia 4500 | ||
|---|---|---|---|
| 008 | 240729s9999 xx 000 0 und d | ||
| 022 | _a1806-4760 | ||
| 245 | 0 | _aBrazilian Dental Journal | |
| 260 | _aBrazil | ||
| 260 | _bFundação Odontológica de Ribeirão Preto | ||
| 650 | _a Dentistry | ||
| 650 | _aMedicine | ||
| 856 | _uhttps://doaj.org/toc/2fef84f002ef41cd96314843b2488c39 | ||
| 942 | _2ddc | ||
| 942 | _cDOAJEJ | ||
| 999 |
_c65884 _d65884 |
||
| 945 |
_a1 _bMadushi Gamage _c1 _dMadushi Gamage |
||